[Event "8eme Open International de La Fere"]
[Site "La Fere (FRA)"]
[Date "2009.07.07"]
[Round "5.24"]
[White "Siauve, Julien"]
[Black "Husson, Cybele"]
[Result "1/2-1/2"]
[WhiteElo "1678"]
[BlackElo "2037"]
[PlyCount "108"]
[EventDate "2009.??.??"]

1. e4 Nf6 2. Nc3 d5 3. e5 d4 4. exf6 dxc3 5. fxg7 cxd2+ 6. Qxd2 Qxd2+ 7. Bxd2
Bxg7 8. O-O-O Nc6 9. Ne2 Bf5 10. Ng3 Bd7 11. Bc4 h5 12. Rhe1 e6 13. f3 O-O-O
14. Ne4 Ne5 15. Bb3 Bb5 16. Bc3 Rxd1+ 17. Rxd1 Rg8 18. Ng5 Bh6 19. Bxe5 Bxg5+
20. f4 Be7 21. g3 h4 22. f5 Bg5+ 23. Kb1 Bd7 24. fxe6 Bxe6 25. Bxe6+ fxe6 26.
Rg1 Be3 27. Re1 Bf2 28. Re2 hxg3 29. Bxg3 Bxg3 30. hxg3 Rxg3 31. Kc1 Kd7 32.
Kd1 Rg5 33. Kd2 Kd6 34. Kc3 a5 35. Kd4 Rd5+ 36. Kc4 b5+ 37. Kc3 e5 38. a3 Rd4
39. Kb3 Kd5 40. c3 Rf4 41. Rd2+ Kc5 42. Re2 e4 43. Re3 Kd5 44. Re2 Rf3 45. Kc2
e3 46. Kd3 Rf2 47. Kxe3 Rxe2+ 48. Kxe2 Kc4 49. Kd2 Kb3 50. Kc1 c5 51. Kb1 b4
52. axb4 cxb4 53. cxb4 axb4 54. Kc1 Ka2 1/2-1/2

[Event "8eme Open International de La Fere"]
[Site "La Fere (FRA)"]
[Date "2009.07.07"]
[Round "5.25"]
[White "Daces, Philippe"]
[Black "Khalfaoui, Mathias"]
[Result "1-0"]
[WhiteElo "2023"]
[BlackElo "1680"]
[PlyCount "57"]
[EventDate "2009.??.??"]

1. d4 d5 2. c4 c6 3. Nf3 Nf6 4. Qc2 e6 5. Bg5 Be7 6. e3 Nbd7 7. Nc3 O-O 8.
O-O-O dxc4 9. Bxc4 b5 10. Bd3 h6 11. Bh4 a5 12. Bxf6 Nxf6 13. Ne5 Qc7 14. g4
Nd7 15. f4 Nxe5 16. fxe5 b4 17. Na4 Bd7 18. Nc5 Bxc5 19. Qxc5 Qa7 20. Kb1 Qxc5
21. dxc5 Rfd8 22. Be4 Be8 23. Rxd8 Rxd8 24. Kc1 Kf8 25. Rd1 Ke7 26. Rxd8 Kxd8
27. Kc2 Kc7 28. Kb3 Kb7 29. Ka4 1-0

[Event "8eme Open International de La Fere"]
[Site "La Fere (FRA)"]
[Date "2009.07.07"]
[Round "5.27"]
[White "Waquet, Frederic"]
[Black "Van Poucke, Anthony"]
[Result "1-0"]
[WhiteElo "2005"]
[BlackElo "1400"]
[PlyCount "61"]
[EventDate "2009.??.??"]

1. e4 e5 2. Nc3 Nf6 3. f4 d6 4. Nf3 Bg4 5. h3 Bxf3 6. Qxf3 Nc6 7. Bb5 Be7 8. d3
O-O 9. Bxc6 bxc6 10. fxe5 dxe5 11. O-O Re8 12. Qg3 Qd6 13. Be3 Rab8 14. Rab1 a6
15. Rf5 Bd8 16. b3 Qb4 17. Ne2 Qa3 18. Rbf1 Re6 19. Bh6 g6 20. Rxe5 Rxe5 21.
Qxe5 Qd6 22. Qc3 Rb5 23. Be3 Nh5 24. a4 Re5 25. Qc4 Qe6 26. Qxe6 Rxe6 27. g4
Nf6 28. Nd4 Re8 29. Nxc6 Nxe4 30. Nxd8 Nd6 31. Bg5 1-0

[Event "8eme Open International de La Fere"]
[Site "La Fere (FRA)"]
[Date "2009.07.07"]
[Round "5.28"]
[White "Wells, Pierre-Alexandre"]
[Black "Derigny, Philippe"]
[Result "0-1"]
[WhiteElo "1499"]
[BlackElo "1993"]
[PlyCount "56"]
[EventDate "2009.??.??"]

1. e4 d6 2. d4 Nf6 3. Nc3 g6 4. Nf3 Bg7 5. Be3 c6 6. Bc4 b5 7. Bd3 a5 8. h3 b4
9. Ne2 Ba6 10. c4 bxc3 11. bxc3 Bxd3 12. Qxd3 O-O 13. O-O Qc7 14. Bg5 Nbd7 15.
Rab1 Rfb8 16. Rxb8+ Rxb8 17. Rb1 c5 18. Rxb8+ Qxb8 19. Qc2 Qb7 20. Nd2 Qb5 21.
Ng3 a4 22. f4 cxd4 23. cxd4 Qb4 24. d5 Nc5 25. Kf1 Qd4 26. Bxf6 Bxf6 27. Ne2
Qe3 28. g3 Nd3 0-1

[Event "8eme Open International de La Fere"]
[Site "La Fere (FRA)"]
[Date "2009.07.07"]
[Round "5.29"]
[White "Tawegoum, Ivan"]
[Black "Hutin, Evgueny"]
[Result "1-0"]
[WhiteElo "1490"]
[BlackElo "1919"]
[PlyCount "49"]
[EventDate "2009.??.??"]

1. e4 c5 2. Nf3 e6 3. Nc3 Nc6 4. Bc4 a6 5. O-O b5 6. Be2 Qc7 7. d3 Be7 8. Be3
Nf6 9. d4 cxd4 10. Nxd4 b4 11. Nxc6 dxc6 12. Na4 Nxe4 13. Bd3 Nf6 14. Nb6 Rb8
15. Nc4 O-O 16. Qf3 e5 17. Qg3 Bd6 18. Nxd6 Qxd6 19. f4 e4 20. Be2 a5 21. Rfd1
Nd5 22. c3 bxc3 23. bxc3 Qh6 24. Rxd5 cxd5 25. f5 1-0

[Event "8eme Open International de La Fere"]
[Site "La Fere (FRA)"]
[Date "2009.07.07"]
[Round "5.30"]
[White "Wolfangel, Claude"]
[Black "Tillet, Louis-Juan"]
[Result "0-1"]
[WhiteElo "1757"]
[BlackElo "2190"]
[PlyCount "118"]
[EventDate "2009.??.??"]

1. d4 d5 2. c4 e6 3. Nf3 c5 4. dxc5 Nc6 5. cxd5 exd5 6. e3 Bxc5 7. Qc2 Qd6 8.
Nc3 a6 9. a3 Nf6 10. b4 Ba7 11. Bb2 O-O 12. Rd1 Bg4 13. Be2 Rad8 14. O-O Bb8
15. g3 b5 16. Nxd5 Nxd5 17. Ng5 Qh6 18. Bxg4 Qxg5 19. Qxc6 Nxe3 20. Rxd8 Rxd8
21. Re1 h5 22. Rxe3 hxg4 23. Re8+ Kh7 24. Bc1 Rd1+ 25. Kg2 Rxc1 26. Qe4+ Qg6
27. Qxg6+ Kxg6 28. Rxb8 Rc6 29. Re8 Rc3 30. Re4 Kg5 31. Re7 Kf6 32. Re4 Rxa3
33. Rxg4 Rc3 34. Rf4+ Ke6 35. Re4+ Kd6 36. Re2 Rc4 37. Ra2 Rc6 38. Rd2+ Kc7 39.
h4 Rc4 40. Ra2 Kb6 41. Rb2 a5 42. bxa5+ Kxa5 43. h5 Rc8 44. Ra2+ Kb6 45. g4 f5
46. f3 fxg4 47. fxg4 Rc3 48. Ra8 Rc7 49. Ra2 b4 50. Rb2 Kb5 51. Kf3 Ka4 52. Kf4
Ka3 53. Rh2 b3 54. g5 Rc2 55. Rh3 Rf2+ 56. Kg4 Ka2 57. Rxb3 Kxb3 58. h6 g6 59.
Kg3 Rf7 0-1

[Event "8eme Open International de La Fere"]
[Site "La Fere (FRA)"]
[Date "2009.07.07"]
[Round "5.31"]
[White "Durot, Edwige"]
[Black "Cozette, Michael"]
[Result "1/2-1/2"]
[WhiteElo "1741"]
[BlackElo "2020"]
[PlyCount "103"]
[EventDate "2009.??.??"]

1. e4 e6 2. d4 d5 3. Nd2 c5 4. Bb5+ Nc6 5. exd5 exd5 6. dxc5 Bxc5 7. Ngf3 Bxf2+
8. Kxf2 Qb6+ 9. Kf1 Qxb5+ 10. Qe2+ Qxe2+ 11. Kxe2 Bg4 12. Re1 Nge7 13. Kf1 O-O
14. c3 Rfe8 15. Ne5 Nxe5 16. Rxe5 f6 17. Re1 Nc6 18. Nb3 Rxe1+ 19. Kxe1 Re8+
20. Kf1 Ne5 21. Bd2 Nd3 22. Rb1 Re2 23. h3 Rf2+ 24. Kg1 Bh5 25. Be3 Re2 26.
Bxa7 Nf4 27. Bf2 Bg6 28. Rd1 Rxb2 29. Rd2 Ne2+ 30. Kh2 Rxd2 31. Nxd2 Nxc3 32.
a3 Bc2 33. Bc5 Ne4 34. Nxe4 Bxe4 35. Kg3 h5 36. h4 Kf7 37. Kf2 g5 38. g3 Ke6
39. Ke3 Kf5 40. Be7 b6 41. Bd8 b5 42. Be7 Ke6 43. Bd8 Ke5 44. Bc7+ Kf5 45. Bd8
Bc2 46. Kd4 Bb3 47. Be7 Ke6 48. Bd8 Bc4 49. hxg5 fxg5 50. Bxg5 Kf5 51. Bd8 Kg4
52. Bc7 1/2-1/2

[Event "8eme Open International de La Fere"]
[Site "La Fere (FRA)"]
[Date "2009.07.07"]
[Round "5.32"]
[White "Adelise, Theo"]
[Black "Eggink, Gerhard"]
[Result "1/2-1/2"]
[WhiteElo "1735"]
[BlackElo "1979"]
[PlyCount "49"]
[EventDate "2009.??.??"]

1. e4 e5 2. Nf3 Nc6 3. Bb5 a6 4. Bxc6 dxc6 5. d4 exd4 6. Qxd4 Qxd4 7. Nxd4 Bd7
8. Be3 Nf6 9. f3 O-O-O 10. Nd2 h6 11. O-O-O Bd6 12. Nc4 Rhe8 13. g3 c5 14. Ne2
Bb5 15. Nxd6+ cxd6 16. Nc3 Kc7 17. Rd2 Bc6 18. Rhd1 g5 19. g4 b5 20. Bf2 b4 21.
Nb1 Rd7 22. c4 Nxe4 23. fxe4 Rxe4 24. b3 Re6 25. Re1 1/2-1/2

[Event "8eme Open International de La Fere"]
[Site "La Fere (FRA)"]
[Date "2009.07.07"]
[Round "5.33"]
[White "Pytel, Bozena"]
[Black "Eeckhout, Jean-Louis"]
[Result "1/2-1/2"]
[WhiteElo "1957"]
[BlackElo "1723"]
[PlyCount "56"]
[EventDate "2009.??.??"]

1. Nf3 Nf6 2. d4 d5 3. c3 Bf5 4. Qb3 Qc8 5. Bg5 Nbd7 6. e3 h6 7. Bh4 e6 8. Nbd2
Bd6 9. Be2 O-O 10. O-O g6 11. Rac1 b5 12. a4 a6 13. Bxf6 Nxf6 14. Ne5 Bxe5 15.
dxe5 Nd7 16. axb5 axb5 17. f4 Ra4 18. Qd1 Qb7 19. Nf3 c5 20. Qd2 Ra2 21. Bd1
Nb6 22. Bb3 Nc4 23. Bxc4 bxc4 24. Ra1 Rfa8 25. Rxa2 Rxa2 26. Rf2 Ra1+ 27. Rf1
Ra2 28. Rf2 Ra1+ 1/2-1/2

[Event "8eme Open International de La Fere"]
[Site "La Fere (FRA)"]
[Date "2009.07.07"]
[Round "5.34"]
[White "Roux, Jean-Francois"]
[Black "Molet, Asher"]
[Result "0-1"]
[WhiteElo "1659"]
[BlackElo "1900"]
[PlyCount "110"]
[EventDate "2009.??.??"]

1. d4 d5 2. c4 e6 3. Nc3 c6 4. cxd5 exd5 5. Bf4 Nf6 6. Qc2 Bd6 7. Bxd6 Qxd6 8.
e4 dxe4 9. Nxe4 Qe7 10. f3 O-O 11. Bd3 Nd5 12. Kf2 f5 13. Ng3 Qe3+ 14. Kf1 Qxd4
15. Bc4 Be6 16. Bxd5 Qxd5 17. N1e2 Nd7 18. Kf2 Qc5+ 19. Qxc5 Nxc5 20. Rhd1 Rad8
21. Nd4 Bc8 22. Rac1 Na6 23. a3 g6 24. b4 Nc7 25. Nge2 Rfe8 26. Nf4 Kf7 27. Nb3
Ne6 28. Nd3 Rd5 29. f4 Red8 30. Ne5+ Kf6 31. Rxd5 Rxd5 32. g3 Nd8 33. a4 Be6
34. Ke3 Nf7 35. Nxf7 Kxf7 36. Nc5 Bc8 37. Nd3 Ke7 38. b5 Bd7 39. bxc6 Bxc6 40.
Nb4 Rd6 41. Nxc6+ Rxc6 42. Rb1 b6 43. a5 Kd6 44. axb6 axb6 45. Kd3 Kc7 46. Rb2
Rc5 47. Re2 Kd6 48. Kd4 b5 49. Re5 Rxe5 50. fxe5+ Ke6 51. h3 b4 52. h4 b3 53.
Kc3 Kxe5 54. Kxb3 Ke4 55. Kc2 Kf3 0-1

[Event "8eme Open International de La Fere"]
[Site "La Fere (FRA)"]
[Date "2009.07.07"]
[Round "5.35"]
[White "Tivol, Thierry"]
[Black "Louis, Andre"]
[Result "1-0"]
[WhiteElo "1720"]
[BlackElo "1862"]
[PlyCount "34"]
[EventDate "2009.??.??"]

1. e4 c5 2. d4 cxd4 3. c3 dxc3 4. Nxc3 e6 5. Nf3 a6 6. Bc4 Ne7 7. Bg5 b5 8. Bb3
Bb7 9. Qe2 Nbc6 10. O-O h6 11. Bf4 Ng6 12. Bg3 Be7 13. Rfd1 Na5 14. Bc2 Bc6 15.
Nd4 Bb7 16. Rac1 O-O 17. e5 Bg5 1-0

[Event "8eme Open International de La Fere"]
[Site "La Fere (FRA)"]
[Date "2009.07.07"]
[Round "5.36"]
[White "Poulain, Andre"]
[Black "Herman, Jose"]
[Result "0-1"]
[WhiteElo "1820"]
[BlackElo "1620"]
[PlyCount "112"]
[EventDate "2009.??.??"]

1. e4 e5 2. Nf3 d6 3. d4 exd4 4. Qxd4 Nf6 5. Nc3 Nc6 6. Bb5 Bd7 7. Bxc6 Bxc6 8.
O-O Be7 9. Nd5 Bxd5 10. exd5 O-O 11. c4 Nd7 12. Rb1 Bf6 13. Qd3 Ne5 14. Nxe5
Bxe5 15. f4 Bf6 16. Bd2 Re8 17. b3 Qd7 18. Rf3 Re7 19. Bc3 Bxc3 20. Qxc3 Rae8
21. Rbf1 Re2 22. Rg3 f5 23. a4 Qe7 24. h3 Re3 25. Rxe3 Qxe3+ 26. Qxe3 Rxe3 27.
Rb1 Kf7 28. Kf2 Rc3 29. Rb2 h6 30. h4 Kf6 31. g3 g5 32. fxg5+ hxg5 33. h5 g4
34. Kg2 Kg5 35. Rf2 Rxb3 36. h6 Kxh6 37. Rxf5 Rb4 38. Rf4 Kg5 39. a5 Ra4 40.
Re4 Rxa5 41. Re7 Rc5 42. Rg7+ Kf5 43. Rf7+ Kg6 44. Rf4 Kg5 45. Kf2 a5 46. Ke3
a4 47. Kd4 a3 48. Rf2 b5 49. cxb5 Rxb5 50. Kc4 Rb2 51. Rf1 a2 52. Ra1 Kf5 53.
Kc3 Rf2 54. Kc4 Ke4 55. Kb5 Kf3 56. Kc4 Rc2+ 0-1

[Event "8eme Open International de La Fere"]
[Site "La Fere (FRA)"]
[Date "2009.07.07"]
[Round "5.37"]
[White "Parent, Henri"]
[Black "Obert, Julien"]
[Result "1/2-1/2"]
[WhiteElo "1600"]
[BlackElo "1790"]
[PlyCount "66"]
[EventDate "2009.??.??"]

1. d4 d5 2. c4 c6 3. Bf4 Nf6 4. e3 e6 5. Bd3 Nbd7 6. Ne2 dxc4 7. Bxc4 b5 8. Bd3
a6 9. O-O Bb7 10. Qc2 Be7 11. Nbc3 O-O 12. Ng3 Rc8 13. Nge4 h6 14. Nxf6+ Nxf6
15. Ne4 Nd5 16. Nc5 Bxc5 17. Qxc5 Nxf4 18. exf4 Qd5 19. Qxd5 cxd5 20. Rac1 Rxc1
21. Rxc1 Rc8 22. Rxc8+ Bxc8 23. Kf1 Kf8 24. Ke1 Ke7 25. Kd2 Kd6 26. Kc3 Kc6 27.
Be2 Bd7 28. a4 Kb6 29. axb5 axb5 30. Kb4 g6 31. h4 f5 32. g4 Bc6 33. gxf5 gxf5
1/2-1/2

[Event "8eme Open International de La Fere"]
[Site "La Fere (FRA)"]
[Date "2009.07.07"]
[Round "5.38"]
[White "Lucas, Bernard"]
[Black "Feryn, Benjamin"]
[Result "0-1"]
[WhiteElo "1709"]
[BlackElo "1954"]
[PlyCount "32"]
[EventDate "2009.??.??"]

1. e4 e5 2. Nf3 Nc6 3. Bb5 Nge7 4. O-O g6 5. Nc3 Bg7 6. Re1 O-O 7. d3 a6 8. Ba4
d6 9. Bb3 Na5 10. Be3 Nxb3 11. axb3 f5 12. exf5 Bxf5 13. Qd2 Qd7 14. Bh6 Bg4
15. Bxg7 Bxf3 16. Bxf8 Qg4 0-1

[Event "8eme Open International de La Fere"]
[Site "La Fere (FRA)"]
[Date "2009.07.07"]
[Round "5.39"]
[White "Soveaux, Jean"]
[Black "Chevance, Gerard"]
[Result "1-0"]
[WhiteElo "1947"]
[BlackElo "1709"]
[PlyCount "133"]
[EventDate "2009.??.??"]

1. d4 d5 2. c4 e6 3. Nc3 Nf6 4. Nf3 Nbd7 5. e3 c6 6. Qc2 Bd6 7. b3 Bb4 8. Bd2
Qa5 9. Be2 O-O 10. O-O Re8 11. a3 Be7 12. Nxd5 Qd8 13. Nxe7+ Qxe7 14. Bc3 b6
15. Bd3 Rd8 16. Ne5 Bb7 17. Rfd1 Nf8 18. b4 Qc7 19. h3 a6 20. Bb2 Rac8 21. Rac1
h6 22. c5 b5 23. Qe2 Nd5 24. g3 Nd7 25. Qh5 Nf8 26. Kh2 Nf6 27. Qf3 N8d7 28.
Ng4 Nxg4+ 29. hxg4 Nf6 30. e4 Qd7 31. Be2 Qc7 32. e5 Nd5 33. Qe4 g6 34. Kg2 Kg7
35. Rh1 Rh8 36. Rh3 Rh7 37. Rch1 Rch8 38. Qf3 Ne7 39. Bd3 Nd5 40. Bc1 Qe7 41.
Bc2 f6 42. Qd3 Qf7 43. Qd2 g5 44. Bxh7 Rxh7 45. Qd3 Qg6 46. exf6+ Nxf6 47.
Qxg6+ Kxg6 48. Kf3 Bc8 49. Ke2 Nxg4 50. Re1 Rf7 51. f3 Nf6 52. g4 Nd5 53. Reh1
Rh7 54. Kd3 Nf6 55. Bd2 Bd7 56. Ra1 h5 57. gxh5+ Nxh5 58. Rhh1 Rf7 59. Raf1 Ng3
60. Rhg1 Nxf1 61. Rxf1 Rf5 62. Ke4 Bc8 63. Rg1 Kf6 64. f4 gxf4 65. Bxf4 Rh5 66.
Rg8 Bb7 67. Rb8 1-0

[Event "8eme Open International de La Fere"]
[Site "La Fere (FRA)"]
[Date "2009.07.07"]
[Round "5.40"]
[White "Fauchart, Francois"]
[Black "Boudier, Eric"]
[Result "0-1"]
[WhiteElo "1653"]
[BlackElo "1883"]
[PlyCount "70"]
[EventDate "2009.??.??"]

1. d4 Nf6 2. Nf3 b6 3. Bf4 Bb7 4. Nbd2 e6 5. h3 d6 6. e3 Be7 7. Bd3 Nbd7 8. O-O
Rc8 9. c3 O-O 10. Bc2 c5 11. Re1 d5 12. Bh2 Ne4 13. Nxe4 dxe4 14. Nd2 f5 15.
Bb3 Bd5 16. c4 Bb7 17. d5 e5 18. Bc2 Bd6 19. f3 exf3 20. gxf3 Qh4 21. e4 f4 22.
Re2 Qxh3 23. Rg2 Rf6 24. Qf1 Rh6 25. Qf2 Be7 26. Rd1 Bh4 27. Qf1 Bg3 28. Qe2
Nf6 29. Nf1 Nh5 30. Nxg3 fxg3 31. Qe1 gxh2+ 32. Kf2 Nf4 33. Qh1 Qh4+ 34. Kf1
Nxg2 35. Kxg2 Rg6+ 0-1

[Event "8eme Open International de La Fere"]
[Site "La Fere (FRA)"]
[Date "2009.07.07"]
[Round "5.41"]
[White "Pruvost, Alain"]
[Black "Dumas, Victor"]
[Result "1-0"]
[WhiteElo "1602"]
[BlackElo "1806"]
[PlyCount "102"]
[EventDate "2009.??.??"]

1. b4 e5 2. b5 d5 3. Bb2 Bd6 4. c4 c6 5. a4 Nf6 6. e3 O-O 7. cxd5 cxd5 8. Nf3
Re8 9. Be2 Bf5 10. O-O Nbd7 11. d4 e4 12. Nh4 Be6 13. g3 Rc8 14. Ba3 Nb6 15.
Bxd6 Qxd6 16. Qb3 Bh3 17. Ng2 Ng4 18. Nd2 Qh6 19. Bxg4 Bxg4 20. Rfc1 Be2 21.
Nf4 Bc4 22. Nxc4 Nxc4 23. Qb4 Qg5 24. h4 Qf5 25. Ra2 Rc7 26. Rac2 Rec8 27. Qe1
h6 28. Qe2 Kf8 29. Qh5 Qxh5 30. Nxh5 a6 31. Nf4 axb5 32. axb5 Rd7 33. Ra2 g5
34. hxg5 hxg5 35. Nh5 Rd6 36. g4 Rb6 37. Rb1 Ke7 38. Ng7 Nd6 39. Rab2 Rg8 40.
Nh5 Ra8 41. Ng7 Nc4 42. Nf5+ Kf6 43. Rb4 Ra5 44. Kg2 Na3 45. Rh1 Ke6 46. Rh6+
f6 47. Ng7+ Kf7 48. Nf5 Nc4 49. Rb1 Raxb5 50. Rbh1 Ne5 51. Rh7+ Ke8 1-0

[Event "8eme Open International de La Fere"]
[Site "La Fere (FRA)"]
[Date "2009.07.07"]
[Round "5.42"]
[White "Belloc, Sidonie"]
[Black "Ruhant, Anthony"]
[Result "1-0"]
[WhiteElo "1792"]
[BlackElo "1648"]
[PlyCount "105"]
[EventDate "2009.??.??"]

1. e4 e5 2. Nf3 Nc6 3. d4 exd4 4. Nxd4 Bc5 5. Be3 Bxd4 6. Bxd4 Nxd4 7. Qxd4 Qf6
8. c3 d6 9. Nd2 Bd7 10. Bc4 Qg6 11. O-O-O Ne7 12. f4 Nc6 13. Qd5 Be6 14. Qb5
O-O-O 15. g3 Kb8 16. Qa4 Bd7 17. Qc2 Qf6 18. Nb3 Rhe8 19. Rde1 g6 20. Re3 Re7
21. a4 a6 22. Nd2 Rde8 23. b4 Na7 24. Qa2 Nc8 25. b5 a5 26. Kc2 Be6 27. Bd5 Nb6
28. Bxe6 Rxe6 29. Rhe1 Nd7 30. Nb3 b6 31. Nd4 Nc5 32. Nxe6 Qxe6 33. Qxe6 Rxe6
34. e5 d5 35. Rd1 Nxa4 36. Rxd5 Nc5 37. Re1 Kc8 38. Red1 Re8 39. g4 Ne6 40. Rf1
Nc5 41. h4 h6 42. Rg1 Ne6 43. f5 Nf4 44. Rd2 Rxe5 45. fxg6 fxg6 46. c4 Ne2 47.
Rg2 Nf4 48. Rgf2 g5 49. hxg5 hxg5 50. Rh2 Re4 51. Rh8+ Kb7 52. Rhd8 Rxc4+ 53.
Kd1 1-0

[Event "8eme Open International de La Fere"]
[Site "La Fere (FRA)"]
[Date "2009.07.07"]
[Round "5.43"]
[White "Rouffignac, Marie"]
[Black "Guille, Nicolas"]
[Result "0-1"]
[WhiteElo "1410"]
[BlackElo "1782"]
[PlyCount "58"]
[EventDate "2009.??.??"]

1. e4 e5 2. Nf3 Nc6 3. Bc4 Bc5 4. c3 Nge7 5. b4 Bb6 6. d3 d5 7. exd5 Nxd5 8. b5
Na5 9. Nxe5 Qf6 10. d4 Be6 11. Qf3 Qxf3 12. gxf3 f6 13. Bxd5 Bxd5 14. Nd3 Bxf3
15. Rg1 g5 16. Nd2 Bd5 17. Ba3 O-O-O 18. Kd1 Rde8 19. Nb4 Be6 20. Ne4 Bc4 21.
Nxf6 Re2 22. Ng4 h5 23. Ne3 Rxf2 24. Rxg5 Rxh2 25. Rc1 Rf8 26. Nc6 Rh1+ 27. Kc2
Rf2+ 28. Kb1 Bxa2+ 29. Ka1 Nb3# 0-1

[Event "8eme Open International de La Fere"]
[Site "La Fere (FRA)"]
[Date "2009.07.07"]
[Round "5.44"]
[White "Dagnicourt, Francis"]
[Black "Lever, Erwan"]
[Result "1/2-1/2"]
[WhiteElo "1765"]
[BlackElo "1601"]
[PlyCount "92"]
[EventDate "2009.??.??"]

1. d4 Nf6 2. Nc3 d5 3. e4 dxe4 4. f3 exf3 5. Nxf3 Bg4 6. h3 Bh5 7. Bc4 e6 8.
Be3 Bb4 9. O-O Bxc3 10. bxc3 Ne4 11. Qe1 Nc6 12. Bd3 Bg6 13. Bb5 Qd6 14. Ne5 a6
15. Bxc6+ bxc6 16. Bf4 Qd5 17. Nxg6 hxg6 18. Bxc7 Rc8 19. Bh2 c5 20. Rd1 f5 21.
Be5 O-O 22. Ra1 cxd4 23. Bxd4 e5 24. Bf2 Rxc3 25. Qe2 Qc4 26. Qxc4+ Rxc4 27.
Be3 Rxc2 28. Rfd1 Nc3 29. Rd6 Rf6 30. Rd8+ Kf7 31. Bg5 Re6 32. Rd7+ Kg8 33. a4
Ra2 34. Re1 Rxa4 35. Re3 Ne4 36. h4 Nxg5 37. hxg5 Rd4 38. Rb7 Rd8 39. Ra7 f4
40. Rc3 f3 41. Rxf3 Rf8 42. Rc3 e4 43. Rcc7 Rd8 44. Rxg7+ Kf8 45. Rh7 Kg8 46.
Rhg7+ Kh8 1/2-1/2

[Event "8eme Open International de La Fere"]
[Site "La Fere (FRA)"]
[Date "2009.07.07"]
[Round "5.46"]
[White "Wolfangel, Jocelyne"]
[Black "Dernoncourt, Christophe"]
[Result "1/2-1/2"]
[WhiteElo "1410"]
[BlackElo "1720"]
[PlyCount "74"]
[EventDate "2009.??.??"]

1. d4 d5 2. c4 Nf6 3. Nc3 Bf5 4. cxd5 Nxd5 5. e3 e6 6. Nxd5 exd5 7. a3 Bd6 8.
Nf3 O-O 9. Bd3 Bg4 10. Be2 Nd7 11. Qc2 Nf6 12. Ne5 Bxe2 13. Qxe2 Ne4 14. O-O
Re8 15. Nf3 Qf6 16. Qb5 b6 17. Qxd5 Rad8 18. Qb3 c5 19. dxc5 Nxc5 20. Qc3 Qh6
21. e4 Nxe4 22. Bxh6 Nxc3 23. bxc3 gxh6 24. Nd4 Rc8 25. Nb5 Be5 26. Nxa7 Rxc3
27. Nb5 Rc5 28. Rab1 Ra8 29. Rfe1 Bf6 30. Re3 Rac8 31. Ree1 Kg7 32. Nd6 Rb8 33.
Ne8+ Kg6 34. Nxf6 Kxf6 35. h3 Ra5 36. Rb3 Re5 37. Rxe5 Kxe5 1/2-1/2

[Event "8eme Open International de La Fere"]
[Site "La Fere (FRA)"]
[Date "2009.07.07"]
[Round "5.47"]
[White "Vernede, Victor"]
[Black "Pierret, Paul"]
[Result "1-0"]
[WhiteElo "1720"]
[BlackElo "1495"]
[PlyCount "59"]
[EventDate "2009.??.??"]

1. d4 d5 2. c4 dxc4 3. Nc3 Bf5 4. Bf4 a6 5. e3 e6 6. a4 Be7 7. Bxc4 Nf6 8. Nf3
Nh5 9. Bg3 Nxg3 10. fxg3 O-O 11. O-O Bf6 12. e4 Bg6 13. Re1 Bh5 14. d5 exd5 15.
Qxd5 Bxf3 16. gxf3 Bxc3 17. bxc3 Qxd5 18. exd5 Nd7 19. Re7 Nb6 20. Bb3 Rac8 21.
a5 Na8 22. c4 Rce8 23. Rae1 Rxe7 24. Rxe7 g6 25. c5 Kg7 26. d6 cxd6 27. cxd6
Kf6 28. Rxb7 Rd8 29. f4 Rxd6 30. Rxf7# 1-0

[Event "8eme Open International de La Fere"]
[Site "La Fere (FRA)"]
[Date "2009.07.07"]
[Round "5.48"]
[White "Duquenne, Eddy"]
[Black "Cherief, Hicham"]
[Result "0-1"]
[WhiteElo "1499"]
[BlackElo "1199"]
[PlyCount "74"]
[EventDate "2009.??.??"]

1. d4 d5 2. c4 e6 3. Nc3 Nf6 4. Nf3 Bd7 5. e3 Be7 6. Be2 O-O 7. O-O Nc6 8. a3
b6 9. Qc2 a6 10. Re1 Bd6 11. Bf1 dxc4 12. e4 e5 13. dxe5 Bxe5 14. Bxc4 Be6 15.
Bxe6 fxe6 16. Be3 Ng4 17. Rad1 Qe7 18. Na2 Nxe3 19. Rxe3 Qe8 20. Rc1 Nd4 21.
Nxd4 Bxd4 22. Re2 Qh5 23. Nb4 Be5 24. h3 Bf4 25. Rd1 Rf7 26. Nd3 Bd6 27. e5 Be7
28. Rde1 Bh4 29. Nb4 a5 30. Nc6 Raf8 31. Nd4 Rxf2 32. Nxe6 Rxe2 33. Rxe2 Re8
34. Nxc7 Rxe5 35. Rxe5 Qxe5 36. a4 Qe1+ 37. Kh2 Bg3# 0-1

[Event "8eme Open International de La Fere"]
[Site "La Fere (FRA)"]
[Date "2009.07.07"]
[Round "5.49"]
[White "Bouguettouche, Didier"]
[Black "Honorable, Nicolas"]
[Result "0-1"]
[WhiteElo "1460"]
[BlackElo "1220"]
[PlyCount "48"]
[EventDate "2009.??.??"]

1. e4 e5 2. Bc4 Nf6 3. d3 Nc6 4. Nc3 Bb4 5. Bd2 Bxc3 6. bxc3 d5 7. exd5 Nxd5 8.
Bxd5 Qxd5 9. Qf3 Qxf3 10. Nxf3 f6 11. O-O-O Bg4 12. h3 Bxf3 13. gxf3 O-O-O 14.
Rhg1 g5 15. h4 gxh4 16. f4 Rhg8 17. fxe5 Nxe5 18. f4 Ng4 19. Be1 Ne3 20. Rxg8
Rxg8 21. Rd2 Rg1 22. Re2 h3 23. Rh2 Rxe1+ 24. Kd2 Nf1+ 0-1

[Event "8eme Open International de La Fere"]
[Site "La Fere (FRA)"]
[Date "2009.07.07"]
[Round "5.50"]
[White "Neumair, Dorian"]
[Black "Landon, Boris"]
[Result "1-0"]
[WhiteElo "1196"]
[BlackElo "1390"]
[PlyCount "31"]
[EventDate "2009.??.??"]

1. e4 e5 2. Nf3 Nc6 3. Bc4 h6 4. Nc3 Nf6 5. d3 Bc5 6. O-O d6 7. Be3 Nd4 8. h3
Bd7 9. a3 a6 10. Qd2 Nxf3+ 11. gxf3 Bxh3 12. Kh2 Be6 13. Bb3 Bxe3 14. Qxe3 Bxb3
15. cxb3 d5 16. Nxd5 1-0

[Event "8eme Open International de La Fere"]
[Site "La Fere (FRA)"]
[Date "2009.07.07"]
[Round "5.51"]
[White "Van Poucke, Guy"]
[Black "Siegfried, Francois"]
[Result "1-0"]
[WhiteElo "1190"]
[BlackElo "1360"]
[PlyCount "37"]
[EventDate "2009.??.??"]

1. e4 e5 2. Nf3 Nc6 3. Bc4 Bc5 4. d3 Nf6 5. Bg5 O-O 6. O-O d6 7. Nc3 h6 8. Bh4
Bg4 9. Nd5 Nd4 10. Nxf6+ gxf6 11. c3 Nxf3+ 12. gxf3 Bh3 13. Kh1 Bxf1 14. Qxf1
Qe7 15. Qh3 Kh7 16. Qf5+ Kh8 17. Bxf6+ Qxf6 18. Qxf6+ Kh7 19. Rg1 1-0

[Event "8eme Open International de La Fere"]
[Site "La Fere (FRA)"]
[Date "2009.07.07"]
[Round "5.52"]
[White "Jacob, Guillaume"]
[Black "Belloc, Clemence"]
[Result "0-1"]
[WhiteElo "1150"]
[BlackElo "1300"]
[PlyCount "108"]
[EventDate "2009.??.??"]

1. d4 d5 2. c4 Nf6 3. e3 Nc6 4. Nf3 Bg4 5. Nbd2 e6 6. Be2 Bd6 7. c5 Be7 8. Qc2
Qd7 9. b3 Bf5 10. Bd3 Bxd3 11. Qxd3 b6 12. Ne5 Nxe5 13. dxe5 Ng4 14. Qd4 Nh6
15. b4 f6 16. O-O fxe5 17. Qxe5 Bf6 18. Qh5+ g6 19. Qxh6 Bxa1 20. Nb3 Bg7 21.
Qh3 O-O 22. Nd4 Bxd4 23. exd4 Rf5 24. g4 Rf7 25. Bh6 Re8 26. f4 a5 27. a3 axb4
28. g5 Ra8 29. axb4 Ra4 30. Qb3 b5 31. Qc3 c6 32. Qe1 Qc7 33. h4 Qd7 34. Qe5
Ra8 35. Re1 Re8 36. Ra1 Rf5 37. Qd6 Qxd6 38. cxd6 Rxf4 39. d7 Rd8 40. Ra7 Rf7
41. Rc7 Rfxd7 42. Rxc6 Kf7 43. Rc3 Ra8 44. Rf3+ Ke7 45. Bg7 Ra2 46. Bf6+ Ke8
47. Re3 Rd6 48. Rc3 Kd7 49. Be5 Rc6 50. Rxc6 Kxc6 51. Bh2 Rb2 52. h5 Rxb4 53.
Be5 Rc4 54. hxg6 hxg6 0-1